000 00424nam a2200157 i 4500
001 85553
003 ES-MaACL
005 20230906175249.0
007 t|
008 041129s1934 sp ||||1| spa d
100 1 _aJust Lloret, Julio.
_967346
245 1 3 _aLa pluma en la barricada /
_cJulio Just.
260 _aMadrid :
_b[s.n.,
_c1934] (
_fGalo Sèz)
300 _a429 p. ;
_c19 cm.
852 _aES-MaACL
_jA-3700
_bR.15329
999 _c85553
_d85553